000 00623nam a2200205 4500
001 136862
003 ES-MaACL
005 20231230063004.0
007 t|
008 070214s1954 sp r ||||1| spa d
100 1 _aSainz de Robles, Federico Carlos,
_d1898-1982
_9101593
245 1 0 _aVelázquez
_b: (vivificador de imágenes) /
_cFederico Carlos Sainz de Robles.
250 _a2ª ed.
260 _aMadrid :
_b[s. n.],
_c1954 (
_fGráf. Estades)
300 _a363 p. ;
_c18 cm.
490 1 _aEl grifón ;
_v8
830 0 _aEl grifón ;
_v8
_9181273
852 _aES-MaACL
_jC-7407
_bR.35836
999 _c136862
_d136862